Landmine Monitor report 1999 : (Record no. 12483)

000 -LEADER
fixed length control field 00515cam a22001578a 4500
020 ## - INTERNATIONAL STANDARD BOOK NUMBER
ISBN 1564322319
040 ## - CATALOGING SOURCE
Transcribing agency UKM
082 04 - DEWEY DECIMAL CLASSIFICATION NUMBER
Classification number 355 GLO 1999 A020 Or.
245 00 - TITLE STATEMENT
Title Landmine Monitor report 1999 :
Remainder of title toward a mine-free world /
260 ## - PUBLICATION, DISTRIBUTION, ETC. (IMPRINT)
Place of publication New York :
Name of publisher Human Rights Watch ;
Place of publication London :
Name of publisher Global,
Year of publication 1999
300 ## - PHYSICAL DESCRIPTION
Number of Pages 1085 p., maps ;
Dimensions 23 cm
650 #0 - SUBJECT ADDED ENTRY--TOPICAL TERM
Topical Term Land mines (International law)
650 #0 - SUBJECT ADDED ENTRY--TOPICAL TERM
Topical Term Mines (Military explosives) (International law)
710 2# - ADDED ENTRY--CORPORATE NAME
Corporate name or jurisdiction name as entry element International Campaign to Ban Land Mines
942 ## - ADDED ENTRY ELEMENTS (KOHA)
Koha item type សៀវភៅភាសាអង់គ្លេស
952 ## - LOCATION AND ITEM INFORMATION (KOHA)
Withdrawn status [LOCAL, KOHA] 0
Holdings
Permanent Location Date acquired Koha item type Lost status Shelving location Barcode Current Location Full call number
Library Block A2017-08-14សៀវភៅភាសាអង់គ្លេស A064A14041Library Block A355 GLO 1999 A064 Or.
មជ្ឈមណ្ឌលឯការនៃសាកលវិទ្យាល័យភូមិន្ទកសិកម្មចំការដូង

Powered by Koha